000 00467nam a2200181Ia 4500
008 100920s9999 xx 000 0 und d
082 _b6636
_a1 थ 54
100 _aBARKER J.W.
245 _aTEACH YOURSELF PORTUGUESE.
260 _b---
_c1954
300 _a232
_bसाधी
365 _b0
520 _aइ.डी.यू.
630 _aTEACH YOURSELF PORTUGUESE.
650 _aइ.डी.यू.
730 _aTEACH YOURSELF PORTUGUESE.
942 _cBOOK
999 _c674987
_d674984